| 000 | 01027nam a2200337 a 4500 | ||
|---|---|---|---|
| 003 | AR-BaBNM | ||
| 005 | 20251128210116.0 | ||
| 008 | 082120s2002 ||||||||||||||000 | spa|| | ||
| 020 | _a950-665-081-0 | ||
| 040 | _cAR-BaBNM | ||
| 100 | 1 | _aRinaudo, María Cristina | |
| 245 | 0 | 0 |
_aLas tareas en el aula _bteorías, propuestas y prácticas |
| 260 |
_aRío Cuarto _bFundación Universidad Nacional de Río Cuarto _c1998 |
||
| 300 | _a132 p. | ||
| 490 | 0 | _aAportes | |
| 500 | _aContiene referencias bibliográficas al final de cada capítulo | ||
| 650 | 4 | _aDIDACTICA | |
| 650 | 4 | _aMETODOS DE ENSEÑANZA | |
| 650 | 4 | _aPROCESO DE APRENDIZAJE | |
| 650 | 4 | _aPSICOLOGIA DE LA EDUCACION | |
| 650 | 4 | _aAMBIENTE DE LA CLASE | |
| 650 | 4 | _aCOMUNICACION EN LA CLASE | |
| 650 | 4 | _aPARTICIPACION | |
| 653 | _aEDUCACION SECUNDARIA | ||
| 653 | _aEDUCACION SUPERIOR | ||
| 653 | _aINVESTIGACION EDUCATIVA | ||
| 700 | 1 |
_aDonolo, Danilo _ecompilador |
|
| 700 | 1 | _aVélez de Olmos, Gisela | |
| 942 | _cBK | ||
| 998 | _cRaquel | ||
| 999 |
_c14075 _d14075 |
||